| 000 | 00582nam a2200181Ia 4500 | ||
|---|---|---|---|
| 008 | 090711s9999 xx 000 0 und d | ||
| 082 | _b1724 | ||
| 100 | _aव्हाईट मायकल | ||
| 245 | _aआयझॅक न्यूटन | ||
| 260 |
_bऑक्टोपस बुक्स _c1998 |
||
| 300 | _a64 | ||
| 600 | _aव्हाईट मायकल | ||
| 630 | _aआयझॅक न्यूटन | ||
| 700 | _aनरवणे सुधा | ||
| 700 | _aव्हाईट मायकल | ||
| 730 | _aआयझॅक न्यूटन | ||
| 942 | _cBOOK | ||
| 999 |
_c325194 _d325194 |
||